000 00180 a2200097 4500
020 _a9780822566267
041 _aspa
100 _aSandra Markle
245 _aLos Lobos
942 _cBK
999 _c14137
_d14137